LEADER 00906nlm 2200277Ia 450 001 996379347103316 005 20210105110444.0 010 $a9780080548999 100 $a20071206d2007---- uy 0 101 0 $aeng 102 $aGB 135 $adrcnu 200 1 $aTransport economic theory$fSergio Jara-Diaz 210 1 $aBingley$cEmerald$d2007 215 $aTesto elettronico (PDF) (140 p.) 230 $aBase dati testuale 330 $aL'obiettivo di questo libro è fornire i concetti e gli strumenti di base per l'analisi economica dei sistemi di trasporto, ponendo l'accento sul comportamento degli utenti e degli operatori. 606 0 $aTrasporti$xEconomia$2BNCF 676 $a388.049 700 1$aJARA-DIAZ,$bSergio$0790122 801 0$bcba$aIT$bcba$gREICAT 912 $a996379347103316 959 $aEB 969 $aER 996 $aTransport economic theory$91763469 997 $aUNISA